000 00626nam a22001577a 4500
005 20110725095416.0
008 110406t xxu||||| |||| 00| 0 eng d
020 _a0406700656
082 _222
_a340.07
100 _aRAJEEV DHAVAN, NEIL KIBBLE, WILLIAM TWINING
_b3
_9124
245 _aACCESS TO LEGAL EDUCATION AND THE LEGAL PROFESSION
_cRAJEEV DHAVAN, NEIL KIBBLE, WILLIAM TWINING
260 _aEDINBURGH, UK
_bBUTTERWORTH & (PUBLISHERS) LTD
_c1989
300 _axiv.343
_c23
942 _2ddc
_cBK
999 _c44
_d44